| 000 | 00782cam a2200265 a 4500 | ||
|---|---|---|---|
| 001 | 145465 | ||
| 003 | OSt | ||
| 005 | 20180921 | ||
| 008 | 0000001974 pr 0000000000 00 | ||
| 100 | _aMendoza Tió, Carlos F. | ||
| 245 |
_aContribución al estudio de la obra poética de Lola Rodríguez de Tió : 1843 - 1924 / _cContribución al estudio de la obra poética de Lola Rodríguez de Tió : 1843 - 1924 / |
||
| 260 |
_aSan Juan, Puerto Rico : _b[s. n.] |
||
| 300 | _a462p. | ||
| 504 | _aIncluye índice | ||
| 650 |
_aLITERATURA PUERTORRIQUEÑA _aPOESIA PUERTORRIQUEÑA |
||
| 040 |
_aDLC _cDLC |
||
| 942 |
_2ddc _cBK |
||
| 999 |
_c145465 _d14546500 |
||